000
00283nam a22001337a 4500
008
170801b xxu||||| |||| 00| 0 eng d
020
_a
785342756258
041
_a
eng
080
_a
004
100
_a
32
101
_a
SHK
245
_a
ADOBE PAGEMAKER 7.0
_c
ADOBE
942
_2
udc
_c
BK
999
_c
22336
_d
22336